Spinoza günleri 2 (Record no. 10174)

MARC details
000 -BAŞLIK
Sabit Uzunlukta Kontrol Alanı 00935na a2200301 4500
001 - KONTROL NUMARASI
Denetim Alanı 12609
003 - KONTROL NUMARASI IDENTIFIER
Denetim Alanı MIRAKIL
005 - SON İŞLEM TARİHİ VE ZAMANI
Denetim Alanı 20181213155310.0
008 - SABİT-BOY VERİ ELEMANLARI - GENEL BİLGİLER
Sabit Uzunlukta Kontrol Alanı 161026b tu 000 0
020 ## - ULUSLARARASI STANDART KİTAP NUMARASI
Uluslararası Standart Kitap Numarası 9783992257
035 ## - SİSTEM KONTROL NUMARASI
Sistem Kontrol Numarası 12609
040 ## - KATALOGLAMA KAYNAK
Orijinal Kataloglama Ajansı Milas
Kataloglama Dili tur
Metne Dönüştürmek Ajansı TR-AnCHP
041 ## - DİL KODU
Metin / Ses Parça Veya Ayrı Başlığın Dil Kodu tur
082 ## - DEWEY ONLU SINIFLANDIRMA NUMARASI
Sınıflandırma Numarası 193
Ürün Numarası S65s 2011
090 ## - SINIFLAMA NUMARASI
Sınıflama Numarası 193 S65s 2011
245 ## - BAŞLIK TABLOSU
Başlık Spinoza günleri 2
Başlığın Kalan Yeni dünyadan eski dünyaya
Sorumluluk Tablosu, Vb yayına hazırlayanlar Reyda Ergün, Cemal Bali Akal
246 ## - UNVAN FORM VARYING
Başlık Doğru / Kısa Başlığı Yeni dünyadan eski dünyaya
260 ## - YAYIN, DAĞITIM, VB
Yayın, Dağıtım, Vb Yeri İstanbul
Yayıncı, Dağıtıcı, Vs Adı İstanbul Bilgi Üniversitesi Yayınları
Yayın, Dağıtım, Vb Tarihi 2011
300 ## - FİZİKSEL TANIM
Kapsam xxi, 174 s.
Diğer Fiziksel Ayrıntıları res.
Boyutlar 23 sm.
490 ## - SERİSİ TABLOSU
Seri Beyanı Sempozyum-Panel
Hacim / Ardışık Tanımı 4
490 ## - SERİSİ TABLOSU
Seri Beyanı İstanbul Bilgi Üniversitesi yayınları
Hacim / Ardışık Tanımı 337
600 ## - KONU KATMA GİRİŞ - KURUMSAL ADI
Kişisel Ad Spinoza, Benedictus de
Bir Adıyla İlişkilendirilen Tarihler 1632-1677
650 ## - KONU KATMA GİRİŞ - TOPİKAL DÖNEM
Topikal Süreli Veya Coğrafi Ad Giriş Elemanı Çağdaş felsefe
Coğrafi Alt Bölümü Almanya
650 ## - KONU KATMA GİRİŞ - TOPİKAL DÖNEM
Topikal Süreli Veya Coğrafi Ad Giriş Elemanı Alman felsefesi
700 ## - KATMA GİRİŞ - KİŞİSEL İSİM
Kişisel Ad Ergün, Reyda
700 ## - KATMA GİRİŞ - KİŞİSEL İSİM
Kişisel Ad Akal, Cemal Bali
942 ## - EKLENDİ GİRİŞ ELEMANLARI (KOHA)
Sınıflandırma Veya Raf Düzeni Kaynak Dewey Decimal Classification
Koha Öğesi Türü Books
999 ## - SİSTEM KONTROL NUMARALARI (KOHA)
Koha Biblionumber 10174
Koha Biblioitemnumber 10174
Holdings
Kalıcı Konum Mevcut Konum Edinme Tarihi Edinim Kaynak Toplam Check-Out'Lar Tam Çağrı Numarası Barkod Tarih Son Görülme İtibaren Geçerli Fiyatlar Koha Öğesi Türü
CHP Kütüphanesi CHP Kütüphanesi 07/28/2016 Bağış   193 S65s 2011 000149 07/28/2016 07/28/2016 Books